The times are surely changin' / (Record no. 1126)

MARC details
000 -LEADER
fixed length control field 00425nam a2200169 4500
001 - CONTROL NUMBER
control field 1511
005 - DATE AND TIME OF LATEST TRANSACTION
control field 20181127163432.0
010 00 - LIBRARY OF CONGRESS CONTROL NUMBER
LC control number
020 00 - INTERNATIONAL STANDARD BOOK NUMBER
International Standard Book Number 0805956468
090 00 - LOCALLY ASSIGNED LC-TYPE CALL NUMBER (OCLC); LOCAL CALL NUMBER (RLIN)
Classification number (OCLC) (R) ; Classification number, CALL (RLIN) (NR) 813.6 S3673t 2002
100 00 - MAIN ENTRY--PERSONAL NAME
Personal name Schofield, Douglas F.
245 00 - TITLE STATEMENT
Title The times are surely changin' /
Remainder of title
Statement of responsibility, etc. Douglas F. Schofield.
Medium
250 00 - EDITION STATEMENT
Edition statement
260 00 - PUBLICATION, DISTRIBUTION, ETC.
Place of publication, distribution, etc. Pittsburgh, PA :
Name of publisher, distributor, etc. Dorrance Publishing Co.,
Date of publication, distribution, etc. 2002.
300 00 - PHYSICAL DESCRIPTION
Extent 58 p. ; 23 cm.
650 00 - SUBJECT ADDED ENTRY--TOPICAL TERM
Topical term or geographic name entry element
General subdivision
Holdings
Withdrawn status Lost status Source of classification or shelving scheme Damaged status Not for loan Collection code Home library Current library Shelving location Date acquired Serial Enumeration / chronology Inventory number Total Checkouts Total Renewals Full call number Barcode Date last seen Date last checked out Price effective from Koha item type
    Dewey Decimal Classification     Fiction RTC Library RTC Library Fiction 07/04/2022 4402 5 5 FIC 813.54 SCH 30001613 03/01/2022 14/11/2019 27/11/2018 Fiction
Royal Thimphu College || All Right Reserved